Ils ont joué à... Arsenal (Mort subite) - Statistiques

Statistiques générales
  • Ce quiz a été pris 1 100 fois
    1 081 depuis la dernière actualisation
  • Le résultat moyen est 11 sur 16
Answers on the Grid
Answers color-coded by a green-red scale on the quiz's grid according to % correct below.
Eric Cantona
Denis Law
John Terry
Alan Sunderland
Mikel Arteta
David Ginola
George Best
Pierre-Emerick Aubameyang
Per Mertesacker
Patrick Vieira
Martin Ødegaard
Laurent Koscielny
Antoine Griezmann
Cesc Fàbregas
Lassana Diarra
Marco van Basten
David Seaman
Lionel Messi
Robin van Persie
David Herd
William Gallas
Michael Essien
Kylian Mbappé
Thierry Henry
Ryan Giggs
Dennis Bergkamp
Johan Cruyff
Alexandre Lacazette
 
Statistiques - réponses
Réponse % Correct
Mikel Arteta
89%
Pierre-Emerick Aubameyang
86%
Martin Ødegaard
85%
Thierry Henry
82%
Alexandre Lacazette
80%
Laurent Koscielny
80%
Patrick Vieira
80%
Cesc Fàbregas
77%
Robin van Persie
75%
Dennis Bergkamp
72%
Per Mertesacker
68%
William Gallas
64%
David Seaman
53%
Lassana Diarra
40%
Alan Sunderland
32%
David Herd
29%
Aucun quiz correspondant
Distribution des résultats
% des personnes avec chaque résultat
Percentile par nombre de réponses
Votre historique - résultats
Vous n’avez pas pris ce quiz depuis la dernière actualisation